| 000 | 01024nam a2200301 a 4500 | ||
|---|---|---|---|
| 001 | 000036115 | ||
| 003 | DO-SdBNP | ||
| 005 | 20171010120708.0 | ||
| 007 | 000036115 | ||
| 008 | 111214s2011 dr ac 001 0bspa d | ||
| 020 | _a9789945408577 | ||
| 040 |
_aBPMSU _bspa _cBPMSU |
||
| 082 | 4 |
_a 923.17293 _bC118N |
|
| 100 | 1 | _aNovas, José C. | |
| 245 | 1 | 3 |
_aEl presidente Cáceres : _bfábula del progreso, el orden y la paz / _cJosé C. Novas. |
| 260 |
_aSanto Domingo : _bArgos, _c2011. |
||
| 300 |
_a165 p. : _bil., retrs ; _c23 cm. |
||
| 500 | _aIncluye referencias bibliografias y notas al pie de la página | ||
| 504 | _aBibliografía: p.157-163 | ||
| 600 | 1 | 4 |
_aCÁCERES, RAMÓN, _d1866-1911 |
| 651 | 4 |
_aREPÚBLICA DOMINICANA _xPOLÍTICA Y GOBIERNO |
|
| 651 | 4 |
_aREPÚBLICA DOMINICANA _xHISTORIA _y1844-1930 |
|
| 651 | 4 |
_aREPÚBLICA DOMINICANA _xBIOGRAFÍAS |
|
| 910 | _aValidado. Control de calidad EMS | ||
| 942 |
_2ddc _cBK |
||
| 945 | _aInventariado / 2017 VM | ||
| 956 |
_aVMATEO _b10 _c20150814 _lBPMSU _h00151 |
||
| 999 |
_c8202 _d8202 |
||